000 00327 a2200145 4500
001 166965
020 _a
040 _cMagnum
100 _aAntunes, Celso
240 1 0 _aA teoria das inteligencias libertadoras
_lpor
245 1 0 _aA teoria das inteligencias libertadoras
362 0 _a1899
697 _aGERAL
942 _cBK
999 _c166965
_d166965